00489 2200205 4500245005300000020002200053250001100075100001200086700001600098650001800114650001000132005001900142260003600161041001400197084001200211300002000223336000900243337001000252338002100262 a101 Jurus Jitu Menjadi Guru HebatcHaryonohText a978-602-313-128-0 aCet. 1 aHaryono aNur Hidayah aMotivasi Diri aEbook a20230616125211 aYogyakartabAr-Ruzz Mediac2017 aIndonesia a371.102 a320 hlm. :cPDF atext aother aother (computer)